00475nam a2200145Ia 4500008004100000020001800041082002000059100002700079245004800106260002600154300000900180942001200189999001900201952010900220210430s9999 xx 000 0 und d a9971-51-372-2 a620.112 R 149 M aWilliam F.Riley940621 aMechanics of Materials 5thcWilliam F.Riley aNew yorkbWileyc2004 a708p cBK2ddc c564688d564688 001040708NFICaSCMEbSCMEcGENd2012-02-11l0o620.112 R 149 MpSCME-3908r2021-04-30w2021-04-30yBK